000 00554cab a2200205 4500
001 ABS35885
008 090401t1994 xxu||||| |||| 00| 0 eng d
035 _a(Sirsi) u50640
041 _aeng
245 _aProperty market review 1985
260 _c1994
350 _a0
490 _aEstates Gazette
_vSupplement 18 January 1994 (LOAN)
650 _aANNUAL REVIEW
650 _aPROPERTY-COMMERCIAL PROPERTY
650 _aPROPERTY MARKET
690 _aPROPERTY-COMMERCIAL PROPERTY-COMMERCIAL PROPERTY MARKET
942 _n0
948 _c04/03/1997
999 _c31601
_d31601